| 000 | 00902nam a2200301 a 4500 | ||
|---|---|---|---|
| 001 | ASIN1851689400 | ||
| 005 | 20170105102926.0 | ||
| 008 | 131212s xxu eng d | ||
| 020 | _a1851689400 (paperback) | ||
| 020 | _a9781851689408 (paperback) | ||
| 040 | _a0 | ||
| 050 | 0 | 4 | _aHV6433.Y4 |
| 082 | 0 | 4 |
_a363.32509533 _bJOH 2013 |
| 100 | 1 | _aJohnsen, Gregory D. | |
| 245 | 1 | 0 |
_aLast refuge / _cGregory D Johnsen. |
| 260 |
_a[S.l.] : _bOne World, |
||
| 300 |
_a1 v. (unpaged) ; _c24 cm. |
||
| 650 | 0 | _aMiddle East | |
| 650 | 0 | _aPolitical science | |
| 650 | 0 | _aQaida (Organization) | |
| 650 | 0 | _aTerrorism--Religious aspects--Islam | |
| 650 | 0 | _aTerrorist safe havens | |
| 650 | 0 | _aTerrorists | |
| 650 | 0 | _aWar on Terrorism (2001-2009) | |
| 650 | 0 | _aYemen (Republic) | |
| 856 | 4 | 0 |
_3Amazon.com _uhttp://www.amazon.com/exec/obidos/ASIN/1851689400/chopaconline-20 |
| 942 |
_2ddc _cBK |
||
| 999 |
_c15823 _d15823 |
||